Moral sentiments and material interests : the foundations of cooperation in economic life
Saved in:
| Other Authors: | |
|---|---|
| Format: | Book |
| Language: | English |
| Published: |
Cambridge, Mass. :
MIT Press,
c2005
|
| Series: | Economic learning and social evolution ;
; 6 |
| Subjects: | |
| Tags: |
Add Tag
No Tags, Be the first to tag this record!
|
MARC
| LEADER | 00000nam a2200000 i 4500 | ||
|---|---|---|---|
| 001 | 1/50663 | ||
| 008 | 070806s2005 eng d | ||
| 020 | |a 0262072521 | ||
| 035 | |l 10089515 | ||
| 040 | |a GR-MY-UA |b gre |e aacr | ||
| 041 | 0 | |a eng | |
| 082 | 0 | |a 330.015193 |2 (22) | |
| 245 | 1 | 0 | |a Moral sentiments and material interests : |b the foundations of cooperation in economic life / |c edited by Herbert Gintis ... [et al.] |
| 260 | |a Cambridge, Mass. : |b MIT Press, |c c2005 | ||
| 300 | |a xii, 404 σ.; |b σχ.; |c 23 εκ. | ||
| 490 | 1 | |a Economic learning and social evolution |v ; 6 | |
| 504 | |a Περιλαμβάνει βιβλιογραφικές παραπομπές και ευρετήριο | ||
| 650 | 0 | 0 | |a Cooperation. |
| 650 | 0 | 0 | |a Game theory. |
| 650 | 0 | 0 | |a Econometrics |x Sociological aspects. |
| 700 | 1 | |a Gintis, Herbert. |4 edt | |
| 830 | 0 | |a Economic learning and social evolution ; |v ; 6 | |
| 852 | |a INST |b CHIOS |e 20070806 |h 330.015193 MOR |p 005200025652 |q 005200025652 |t BK |y 0 | ||
| 901 | |a BIBL2-2007-2 | ||
| 909 | |a Χ |b 137224 | ||
| 922 | |a 2ΕΛΗ |b 200707 |c ΕΠΕΑΕΚ2/ΤΜΟΔ |d ΕΛΕΥΘΕΡΟΥΔΑΚΗΣ | ||
| 970 | |a ΒΑΣΙΛΑΚΗ |b ΝΙΚΗ |z 2007/08/06 | ||